[Event "First Saturday-3rd Borloy A. Karoly GM M"]
[Site "Budapest"]
[Date "2012.07.07"]
[Round "1.1"]
[White "Arngrimsson, Dagur"]
[Black "Ilincic, Zlatko"]
[Result "1/2-1/2"]
[WhiteElo "2366"]
[BlackElo "2441"]
[PlyCount "53"]
[EventDate "2012.07.07"]

1. d4 Nf6 2. c4 e6 3. Nf3 Bb4+ 4. Nbd2 O-O 5. g3 b6 6. Bg2 Bb7 7. O-O a5 8. Qc2
c5 9. e4 Bxd2 10. Nxd2 cxd4 11. e5 Bxg2 12. Kxg2 Ne8 13. Qe4 Nc6 14. f4 f5 15.
Qe2 Nb4 16. Nf3 d3 17. Qf2 d5 18. c5 bxc5 19. Qxc5 Rc8 20. Qb5 Rc2+ 21. Rf2 Qa8
22. Nd4 Nc7 23. Qb6 Rb8 24. Qd6 Rd8 25. Qb6 Rb8 26. Qd6 Rd8 27. Qb6 1/2-1/2

[Event "First Saturday-3rd Borloy A. Karoly GM M"]
[Site "Budapest"]
[Date "2012.07.07"]
[Round "1.4"]
[White "Rodriguez Lopez, Rafael"]
[Black "Mihok, Oliver"]
[Result "0-1"]
[WhiteElo "2244"]
[BlackElo "2443"]
[PlyCount "80"]
[EventDate "2012.07.07"]

1. e4 e5 2. Nf3 Nc6 3. Bb5 a6 4. Ba4 Nf6 5. O-O Be7 6. Re1 b5 7. Bb3 d6 8. c3
O-O 9. h3 Nb8 10. d4 Nbd7 11. Nbd2 Bb7 12. Bc2 Re8 13. a4 Bf8 14. Bd3 c6 15.
Nf1 d5 16. Nxe5 dxe4 17. Nxd7 Qxd7 18. Bc2 h6 19. Ng3 c5 20. Be3 c4 21. Bf4 Nd5
22. Bd2 f5 23. Qh5 Ne7 24. h4 g6 25. Qd1 Nd5 26. Qc1 Qc6 27. axb5 axb5 28. Rxa8
Bxa8 29. Bxh6 e3 30. Bxf8 exf2+ 31. Kxf2 Nf6 32. d5 Qxd5 33. Rxe8 Qxg2+ 34. Ke3
Qxg3+ 35. Kd4 Nxe8 36. Ba3 Nc7 37. Kc5 Qf2+ 38. Kd6 Qb6+ 39. Ke5 Qe6+ 40. Kd4
b4 0-1

[Event "First Saturday-3rd Borloy A. Karoly GM M"]
[Site "Budapest"]
[Date "2012.07.07"]
[Round "1.5"]
[White "Flumbort, Andras Dr"]
[Black "Szabolcsi, Janos"]
[Result "1-0"]
[WhiteElo "2503"]
[BlackElo "2418"]
[PlyCount "73"]
[EventDate "2012.07.07"]

1. d4 f5 2. c4 Nf6 3. g3 d6 4. Nf3 g6 5. Bg2 Bg7 6. Nc3 c6 7. O-O O-O 8. Rb1
Qe8 9. d5 Na6 10. dxc6 bxc6 11. b4 Rb8 12. b5 cxb5 13. cxb5 Nc5 14. Nd4 Qf7 15.
Nc6 Rb7 16. Be3 Nfe4 17. Nxe4 Nxe4 18. Nxa7 Qxa2 19. Nxc8 Rxc8 20. Rb4 Qf7 21.
Bxe4 fxe4 22. Qb1 d5 23. Rc1 Rf8 24. b6 e5 25. Bc5 Rd8 26. Ra4 Bf8 27. Be3 Rdb8
28. Ra6 d4 29. Bd2 Qd5 30. Ra5 Qd6 31. Qxe4 Bg7 32. Rc6 Qd7 33. Ra6 Qf7 34. Bb4
Rd8 35. Ba5 d3 36. exd3 Rf8 37. Qc4 1-0

[Event "First Saturday-3rd Borloy A. Karoly GM M"]
[Site "Budapest"]
[Date "2012.07.08"]
[Round "2.1"]
[White "Ilincic, Zlatko"]
[Black "Szabolcsi, Janos"]
[Result "1-0"]
[WhiteElo "2441"]
[BlackElo "2418"]
[PlyCount "69"]
[EventDate "2012.07.07"]

1. d4 d5 2. c4 c6 3. Nf3 Nf6 4. Nc3 e6 5. Bg5 Nbd7 6. e3 Qa5 7. Bxf6 Nxf6 8.
Bd3 dxc4 9. Bxc4 b5 10. Be2 b4 11. Qa4 Qb6 12. Nb1 Nd7 13. Nbd2 Be7 14. Rc1 Bb7
15. Nc4 Qc7 16. Nce5 Nb6 17. Qa5 O-O 18. Nxc6 Bxc6 19. Ne5 f6 20. Rxc6 Qb7 21.
Ba6 Qb8 22. Nd3 Qd8 23. Rxe6 Qd7 24. d5 Rad8 25. Bb5 Qc7 26. Bc6 Bd6 27. Qb5
Rb8 28. Qa6 Rfd8 29. g3 Nc8 30. O-O Ne7 31. Rc1 Rb6 32. Qa4 Qc8 33. Rxe7 Bxe7
34. d6 Qe6 35. Bd5 1-0

[Event "First Saturday-3rd Borloy A. Karoly GM M"]
[Site "Budapest"]
[Date "2012.07.08"]
[Round "2.2"]
[White "Mihok, Oliver"]
[Black "Flumbort, Andras Dr"]
[Result "1/2-1/2"]
[WhiteElo "2443"]
[BlackElo "2503"]
[PlyCount "36"]
[EventDate "2012.07.07"]

1. e4 c5 2. Nf3 d6 3. d4 cxd4 4. Nxd4 Nf6 5. Nc3 e6 6. Be3 a6 7. g4 h6 8. Bg2
g5 9. Qe2 Nbd7 10. O-O-O Ne5 11. h3 Nfd7 12. h4 Rg8 13. hxg5 hxg5 14. Rh5 b5
15. Rdh1 Qf6 16. Nf3 Nxf3 17. Qxf3 Qxf3 18. Bxf3 Ne5 1/2-1/2

[Event "First Saturday-3rd Borloy A. Karoly GM M"]
[Site "Budapest"]
[Date "2012.07.08"]
[Round "2.3"]
[White "Balazs, Gabor"]
[Black "Rodriguez Lopez, Rafael"]
[Result "1-0"]
[WhiteElo "2430"]
[BlackElo "2244"]
[PlyCount "89"]
[EventDate "2012.07.07"]

1. d4 Nf6 2. c4 g6 3. Nc3 d5 4. cxd5 Nxd5 5. Bd2 Bg7 6. e4 Nb6 7. Be3 O-O 8.
Rc1 c6 9. Be2 e5 10. dxe5 Qxd1+ 11. Rxd1 Bxe5 12. Nf3 Bg7 13. Nd4 N8d7 14. f3
Re8 15. Kf2 Ne5 16. b3 Ned7 17. a4 a5 18. Na2 Bf8 19. Nc1 Nc5 20. Nd3 Nxd3+ 21.
Rxd3 Nd7 22. h3 Nc5 23. Rd2 Ne6 24. Bc4 Bb4 25. Rd3 Nxd4 26. Rxd4 Bc5 27. Rd3
Bxe3+ 28. Kxe3 Kf8 29. Rhd1 Be6 30. Rd6 Bxc4 31. bxc4 Rab8 32. Rb1 Ke7 33. e5
Red8 34. c5 h5 35. g3 Rd7 36. f4 Rc7 37. g4 hxg4 38. hxg4 Rh8 39. f5 gxf5 40.
gxf5 Rh3+ 41. Kf4 Rh4+ 42. Kg5 Rh2 43. f6+ Ke8 44. Rbd1 Rc8 45. Rd7 1-0

[Event "First Saturday-3rd Borloy A. Karoly GM M"]
[Site "Budapest"]
[Date "2012.07.08"]
[Round "2.5"]
[White "Arngrimsson, Dagur"]
[Black "Farago, Ivan"]
[Result "1/2-1/2"]
[WhiteElo "2366"]
[BlackElo "2489"]
[PlyCount "43"]
[EventDate "2012.07.07"]

1. d4 Nf6 2. c4 e6 3. Nf3 b6 4. g3 Ba6 5. Nbd2 Bb4 6. a3 Bxd2+ 7. Nxd2 Bb7 8.
Nf3 d5 9. Bg2 dxc4 10. Qa4+ Nbd7 11. O-O O-O 12. Qxc4 Bd5 13. Qa4 c5 14. Be3
Qc7 15. dxc5 Nxc5 16. Bxc5 bxc5 17. Rac1 Qb6 18. Qc2 Be4 19. Qxc5 Qxb2 20. Nd4
Bxg2 21. Kxg2 Nd7 22. Qc3 1/2-1/2

[Event "First Saturday-3rd Borloy A. Karoly GM M"]
[Site "Budapest"]
[Date "2012.07.09"]
[Round "3.1"]
[White "Farago, Ivan"]
[Black "Ilincic, Zlatko"]
[Result "1/2-1/2"]
[WhiteElo "2489"]
[BlackElo "2441"]
[PlyCount "23"]
[EventDate "2012.07.07"]

1. d4 Nf6 2. c4 e6 3. Nc3 Bb4 4. e3 O-O 5. Bd3 d5 6. Nf3 c5 7. O-O Nc6 8. a3
Bxc3 9. bxc3 dxc4 10. Bxc4 Qc7 11. Bb5 a6 12. Bd3 1/2-1/2

[Event "First Saturday-3rd Borloy A. Karoly GM M"]
[Site "Budapest"]
[Date "2012.07.09"]
[Round "3.3"]
[White "Rodriguez Lopez, Rafael"]
[Black "Toth, Ervin"]
[Result "0-1"]
[WhiteElo "2244"]
[BlackElo "2477"]
[PlyCount "146"]
[EventDate "2012.07.07"]

1. e4 g6 2. d4 Bg7 3. c4 d6 4. Nc3 Nf6 5. h3 O-O 6. Bg5 c6 7. Bd3 Nbd7 8. Nge2
a6 9. O-O Rb8 10. a4 a5 11. Qd2 Qc7 12. Bh6 e5 13. Bxg7 Kxg7 14. Rad1 Qb6 15.
Bb1 Qb4 16. Ba2 Re8 17. f4 exd4 18. Qxd4 Qc5 19. Bb1 b6 20. Kh1 Qxd4 21. Nxd4
Bb7 22. Rfe1 Nc5 23. Kh2 Rbd8 24. Bc2 h5 25. g3 Nfd7 26. Nf3 Nb8 27. Rd2 Nba6
28. Red1 Nb4 29. Bb1 d5 30. Nd4 Ba6 31. cxd5 cxd5 32. e5 f6 33. exf6+ Kxf6 34.
Nf3 Nb3 35. Nxd5+ Kg7 36. Nc7 Rxd2+ 37. Rxd2 Re7 38. Rd6 Rxc7 39. Rxg6+ Kf8 40.
Rxb6 Bb7 41. Ng5 Nd4 42. Rf6+ Ke7 43. Rf7+ Kd6 44. Rf6+ Kd5 45. Be4+ Kc4 46.
Bxb7 Rxb7 47. Rf7 Rb8 48. g4 h4 49. Rc7+ Kd3 50. Rc3+ Ke2 51. f5 Nd5 52. Rc5
Nf6 53. Kg2 Ke3 54. Rc3+ Kf4 55. Ne6+ Nxe6 56. Rf3+ Ke4 57. fxe6 Rxb2+ 58. Rf2
Rxf2+ 59. Kxf2 Ke5 60. e7 Ke6 61. g5 Ne8 62. Kf3 Kf5 63. Ke3 Kxg5 64. Kd4 Kf6
65. Kc5 Kxe7 66. Kb5 Kd6 67. Kxa5 Kc5 68. Ka6 Nd6 69. a5 Kc6 70. Ka7 Nc4 71. a6
Kc7 72. Ka8 Ne5 73. a7 Ng4 0-1

[Event "First Saturday-3rd Borloy A. Karoly GM M"]
[Site "Budapest"]
[Date "2012.07.09"]
[Round "3.4"]
[White "Flumbort, Andras Dr"]
[Black "Balazs, Gabor"]
[Result "1-0"]
[WhiteElo "2503"]
[BlackElo "2430"]
[PlyCount "43"]
[EventDate "2012.07.07"]

1. d4 d5 2. c4 c6 3. Nf3 Nf6 4. Nc3 e6 5. Bg5 Nbd7 6. cxd5 exd5 7. e3 Bd6 8.
Bd3 Nf8 9. Ne5 Qe7 10. f4 h6 11. Bh4 g5 12. Bg3 Ne6 13. O-O Bd7 14. f5 Nf8 15.
e4 dxe4 16. Nxe4 Nxe4 17. Bxe4 Bxe5 18. dxe5 O-O-O 19. Qd4 c5 20. f6 Qe8 21.
Qxc5+ Bc6 22. Rac1 1-0

[Event "First Saturday-3rd Borloy A. Karoly GM M"]
[Site "Budapest"]
[Date "2012.07.09"]
[Round "3.5"]
[White "Szabolcsi, Janos"]
[Black "Mihok, Oliver"]
[Result "0-1"]
[WhiteElo "2418"]
[BlackElo "2443"]
[PlyCount "106"]
[EventDate "2012.07.07"]

1. d4 d5 2. Bf4 c5 3. e3 cxd4 4. exd4 Nc6 5. c3 Bf5 6. Qb3 Qd7 7. Nf3 e6 8. Bb5
Bd6 9. Bxd6 Qxd6 10. Nbd2 Nf6 11. c4 O-O 12. c5 Qf4 13. Bxc6 bxc6 14. Qe3 Qxe3+
15. fxe3 Rab8 16. b3 Nd7 17. Ke2 f6 18. Nh4 Bg4+ 19. Kd3 e5 20. h3 Be6 21. Rhf1
g6 22. Kc3 e4 23. b4 Kh8 24. g4 Kg7 25. Nb3 Rh8 26. Na5 Rbc8 27. Nb7 h5 28. Nd6
Rb8 29. Ng2 g5 30. Nf5+ Kf7 31. a4 hxg4 32. hxg4 Rh2 33. Ne1 a6 34. Nc2 Bxf5
35. gxf5 Rh3 36. Rh1 Rxh1 37. Rxh1 Kg7 38. Na3 Ra8 39. Kb3 Nb8 40. Rc1 Ra7 41.
b5 axb5 42. axb5 cxb5 43. Nxb5 Rb7 44. Ka4 Nc6 45. Rh1 Kg8 46. Rh6 g4 47. Nc3
g3 48. Ne2 g2 49. Rxf6 Ne7 50. Ka3 Rb1 51. Rh6 Rh1 52. Re6 Re1 53. f6 Nc6 0-1

[Event "First Saturday-3rd Borloy A. Karoly GM M"]
[Site "Budapest"]
[Date "2012.07.10"]
[Round "4.1"]
[White "Ilincic, Zlatko"]
[Black "Mihok, Oliver"]
[Result "1-0"]
[WhiteElo "2441"]
[BlackElo "2443"]
[PlyCount "81"]
[EventDate "2012.07.07"]

1. d4 g6 2. e4 Bg7 3. Nf3 c5 4. c3 cxd4 5. cxd4 d5 6. e5 Bg4 7. Bb5+ Nc6 8.
Bxc6+ bxc6 9. Nbd2 f6 10. O-O fxe5 11. dxe5 Nh6 12. h3 Bxf3 13. Nxf3 O-O 14.
Be3 Nf7 15. Nd4 Qc8 16. Rc1 Nxe5 17. Nxc6 Nxc6 18. Qxd5+ e6 19. Qe4 Bxb2 20.
Rxc6 Qd7 21. Rxe6 Rae8 22. Rxe8 Rxe8 23. Qc2 Be5 24. Rd1 Qc7 25. Qa4 Re7 26.
Bg5 Rf7 27. Rd8+ Rf8 28. Rxf8+ Kxf8 29. Be3 Qb7 30. Bc5+ Kg7 31. Qxa7 Qxa7 32.
Bxa7 Kf7 33. Kf1 Ke6 34. Ke2 Kd5 35. Kd3 h5 36. a4 g5 37. a5 g4 38. hxg4 hxg4
39. g3 Bd6 40. a6 Kc6 41. Be3 1-0

[Event "First Saturday-3rd Borloy A. Karoly GM M"]
[Site "Budapest"]
[Date "2012.07.10"]
[Round "4.2"]
[White "Balazs, Gabor"]
[Black "Szabolcsi, Janos"]
[Result "1-0"]
[WhiteElo "2430"]
[BlackElo "2418"]
[PlyCount "87"]
[EventDate "2012.07.07"]

1. d4 f5 2. g3 Nf6 3. Bg2 g6 4. c4 Bg7 5. Nc3 d6 6. Nf3 O-O 7. O-O Qe8 8. d5 a5
9. Be3 Na6 10. Qd2 Ng4 11. Bf4 Nc5 12. Nd4 Bd7 13. h3 Ne5 14. b3 Nf7 15. Be3 c6
16. Rad1 e5 17. dxe6 Nxe6 18. Nxe6 Bxe6 19. f4 Qe7 20. Bd4 Bh6 21. e4 Rfe8 22.
Rde1 Qf8 23. Re2 Bd7 24. Na4 fxe4 25. Nb6 Rad8 26. Bf6 Be6 27. Bxd8 Nxd8 28.
Rxe4 Qf5 29. Kh2 Bf8 30. Rfe1 h5 31. Nd5 Qf7 32. Nc3 Bg7 33. R4e2 Rf8 34. Ne4
Bh6 35. Ng5 Bxg5 36. fxg5 Qd7 37. Rf2 Bf7 38. Rd1 h4 39. gxh4 d5 40. cxd5 cxd5
41. Bxd5 Qc7+ 42. Kg2 Qe5 43. Bxf7+ Nxf7 44. Qd5 1-0

[Event "First Saturday-3rd Borloy A. Karoly GM M"]
[Site "Budapest"]
[Date "2012.07.10"]
[Round "4.3"]
[White "Toth, Ervin"]
[Black "Flumbort, Andras Dr"]
[Result "1-0"]
[WhiteElo "2477"]
[BlackElo "2503"]
[PlyCount "122"]
[EventDate "2012.07.07"]

1. d4 Nf6 2. c4 g6 3. f3 d5 4. cxd5 Nxd5 5. e4 Nb6 6. Nc3 Bg7 7. Be3 O-O 8. Qd2
Nc6 9. O-O-O Qd6 10. Nb5 Qd7 11. f4 a6 12. Nc3 Na5 13. Nf3 Nbc4 14. Bxc4 Nxc4
15. Qd3 Nxe3 16. Qxe3 b5 17. g4 b4 18. Nd5 Qd6 19. Ne5 Be6 20. Qf3 Rfd8 21. Nc4
Qd7 22. Nce3 Rab8 23. f5 Bxd5 24. exd5 Bh6 25. Kb1 b3 26. a3 Rb5 27. h4 Bxe3
28. Qxe3 Rxd5 29. fxg6 hxg6 30. Qxb3 Rxd4 31. Rc1 Qd5 32. Qc3 Rxg4 33. Ka1 Qd4
34. Qxc7 Rg2 35. Qb7 Rd2 36. h5 g5 37. Rb1 Qd6 38. Rhg1 f6 39. Qe4 Kh8 40. Rge1
e5 41. Qg6 Rd3 42. Re2 Qe7 43. Qe4 Qh7 44. Qa4 R3d6 45. Rc1 Qd7 46. Qb3 Rd3 47.
Qb6 Qd6 48. Qa5 Rd1 49. Rec2 e4 50. Qc3 Rxc1+ 51. Rxc1 Re8 52. Rf1 Qe5 53. Qe3
Rd8 54. Qa7 Qd4 55. Qb7 Qd5 56. Qa7 Qd3 57. Qf2 Qf3 58. Qe1 Qd3 59. Rxf6 e3 60.
Qa5 Qd1+ 61. Ka2 e2 1-0

[Event "First Saturday-3rd Borloy A. Karoly GM M"]
[Site "Budapest"]
[Date "2012.07.10"]
[Round "4.4"]
[White "Arngrimsson, Dagur"]
[Black "Rodriguez Lopez, Rafael"]
[Result "1/2-1/2"]
[WhiteElo "2366"]
[BlackElo "2244"]
[PlyCount "117"]
[EventDate "2012.07.07"]

1. d4 Nf6 2. c4 e6 3. Nf3 b6 4. g3 Bb4+ 5. Nbd2 Bb7 6. Bg2 c5 7. O-O cxd4 8.
Nb3 Qc8 9. a3 Be7 10. Qxd4 Nc6 11. Qd3 d5 12. cxd5 Nxd5 13. e4 Nf6 14. Re1 O-O
15. Bf4 Rd8 16. Qc3 Qd7 17. Bf1 Rac8 18. Qe3 Nb8 19. Ne5 Qa4 20. Bg2 Nbd7 21.
Nxd7 Rxd7 22. Rac1 Rxc1 23. Nxc1 Rd1 24. e5 Bxg2 25. exf6 Bc5 26. Qe5 Rxe1+ 27.
Qxe1 Bb7 28. Qd2 Qc6 29. Qd8+ Bf8 30. Kf1 g5 31. Bd2 h6 32. h4 Qd6 33. Qxd6
Bxd6 34. hxg5 hxg5 35. Bxg5 Be5 36. b3 Kh7 37. Ke1 Kg6 38. f4 Bxf6 39. Bxf6
Kxf6 40. Ne2 Kf5 41. Nc3 e5 42. fxe5 Kxe5 43. Kd2 Bc6 44. Ke3 Kf5 45. b4 Ke5
46. Kd3 Bg2 47. Ke3 Bf1 48. Ne4 Kd5 49. Ng5 f5 50. Nf3 Bh3 51. Nd2 Bg4 52. Kd3
Bd1 53. Nf1 Ba4 54. Ne3+ Ke5 55. Nc4+ Kd5 56. Ne3+ Ke5 57. Nc4+ Kd5 58. Ne3+
Ke5 59. Nc4+ 1/2-1/2

[Event "First Saturday-3rd Borloy A. Karoly GM M"]
[Site "Budapest"]
[Date "2012.07.10"]
[Round "4.5"]
[White "Farago, Ivan"]
[Black "Idani, Pouya"]
[Result "1/2-1/2"]
[WhiteElo "2489"]
[BlackElo "2473"]
[PlyCount "31"]
[EventDate "2012.07.07"]

1. d4 Nf6 2. c4 c5 3. d5 b5 4. Qc2 bxc4 5. e4 d6 6. Bxc4 g6 7. Nf3 Bg7 8. O-O
O-O 9. h3 Ba6 10. Na3 Nfd7 11. Rb1 Nb6 12. b3 Nxc4 13. Nxc4 Nd7 14. Bb2 Bxb2
15. Qxb2 Bxc4 16. bxc4 1/2-1/2

[Event "First Saturday-3rd Borloy A. Karoly GM M"]
[Site "Budapest"]
[Date "2012.07.11"]
[Round "5.1"]
[White "Idani, Pouya"]
[Black "Ilincic, Zlatko"]
[Result "1-0"]
[WhiteElo "2473"]
[BlackElo "2441"]
[PlyCount "79"]
[EventDate "2012.07.07"]

1. e4 c5 2. Nf3 d6 3. d4 cxd4 4. Nxd4 Nf6 5. Nc3 a6 6. h3 h5 7. Bg5 Qa5 8. Qd2
e6 9. O-O-O Bd7 10. f4 Nc6 11. Kb1 Be7 12. Nf3 O-O-O 13. Bd3 Ng8 14. Bc4 g6 15.
Bb3 Be8 16. Bxe7 Ngxe7 17. Qf2 Kb8 18. Rd2 Nc8 19. Rhd1 Rd7 20. Nh2 Rc7 21. Nf1
N6a7 22. Qd4 Rg8 23. Ne3 b5 24. f5 gxf5 25. exf5 d5 26. Qh4 b4 27. Ncxd5 exd5
28. Nxd5 Nc6 29. Nxc7 Qxc7 30. Qxh5 Na5 31. Qh4 Nc6 32. g4 Nb6 33. Qh7 Rf8 34.
Qh6 Rg8 35. Rd6 Nc8 36. R6d2 Qe5 37. Rd5 Qh8 38. Qf4+ Kb7 39. Rd7+ Bxd7 40.
Rxd7+ 1-0

[Event "First Saturday-3rd Borloy A. Karoly GM M"]
[Site "Budapest"]
[Date "2012.07.11"]
[Round "5.3"]
[White "Flumbort, Andras Dr"]
[Black "Arngrimsson, Dagur"]
[Result "1-0"]
[WhiteElo "2503"]
[BlackElo "2366"]
[PlyCount "80"]
[EventDate "2012.07.07"]

1. d4 d5 2. c4 c6 3. Nf3 Nf6 4. Nc3 dxc4 5. a4 Bf5 6. e3 e6 7. Bxc4 Bb4 8. O-O
O-O 9. Qe2 Ne4 10. Na2 Be7 11. Bd3 Nd7 12. Qc2 Nd6 13. e4 Bg4 14. Ne5 Nxe5 15.
dxe5 Ne8 16. h3 Bh5 17. Be3 Bg6 18. Rad1 Qc8 19. Nc3 f5 20. exf6 Nxf6 21. Ne2
e5 22. f4 Qc7 23. fxe5 Qxe5 24. Bd4 Qc7 25. Nf4 Nh5 26. Bc4+ Kh8 27. Nxg6+ hxg6
28. e5 Kh7 29. Bf7 Rxf7 30. Rxf7 Rd8 31. Qf2 c5 32. Rc1 Qd7 33. e6 Qxa4 34.
Bxg7 Nxg7 35. Rxe7 Rd1+ 36. Rxd1 Qxd1+ 37. Qf1 Qd4+ 38. Kh1 Qxb2 39. Rd7 b5 40.
Qf4 Qe2 1-0

[Event "First Saturday-3rd Borloy A. Karoly GM M"]
[Site "Budapest"]
[Date "2012.07.11"]
[Round "5.4"]
[White "Szabolcsi, Janos"]
[Black "Toth, Ervin"]
[Result "0-1"]
[WhiteElo "2418"]
[BlackElo "2477"]
[PlyCount "60"]
[EventDate "2012.07.07"]

1. d4 Nf6 2. c4 e6 3. Nf3 c5 4. d5 b5 5. Bg5 b4 6. e4 d6 7. Bd3 e5 8. O-O Be7
9. Bxf6 Bxf6 10. a3 Nd7 11. Qa4 a5 12. Nbd2 O-O 13. Qc2 Be7 14. Be2 g6 15. Ne1
Bg5 16. Nd3 f5 17. f4 Bxf4 18. Nxf4 exf4 19. Rxf4 Qg5 20. g3 Qf6 21. exf5 gxf5
22. axb4 cxb4 23. Nb3 a4 24. Qd2 Ne5 25. Qxb4 Bd7 26. Nd2 Ng6 27. Rf2 Rfb8 28.
Ne4 Qd4 29. Qxd6 fxe4 30. Qxd7 Rf8 0-1

[Event "First Saturday-3rd Borloy A. Karoly GM M"]
[Site "Budapest"]
[Date "2012.07.13"]
[Round "6.2"]
[White "Toth, Ervin"]
[Black "Mihok, Oliver"]
[Result "0-1"]
[WhiteElo "2477"]
[BlackElo "2443"]
[PlyCount "76"]
[EventDate "2012.07.07"]

1. e4 e5 2. Nf3 Nf6 3. d3 Nc6 4. g3 Bc5 5. Bg2 d6 6. O-O a6 7. c3 Ba7 8. Nbd2
O-O 9. Nc4 h6 10. Ne3 Ng4 11. Nf5 Bxf5 12. exf5 d5 13. h3 Nf6 14. d4 exd4 15.
cxd4 Ne4 16. Be3 Re8 17. g4 Qf6 18. Rc1 Bb6 19. Qd3 Re7 20. Rfd1 Rae8 21. a3
Nd6 22. Bf4 Re4 23. Be5 Qd8 24. f6 gxf6 25. Bg3 Nxd4 26. Kh2 Nxf3+ 27. Bxf3 Rd4
28. Qc2 c6 29. Kg2 Ne4 30. Bf4 Ng5 31. Rxd4 Bxd4 32. Be2 Qb6 33. h4 Qxb2 34.
Qxb2 Bxb2 35. Rc2 Ne6 36. Bxh6 Bxa3 37. Bd3 Bd6 38. Re2 c5 0-1

[Event "First Saturday-3rd Borloy A. Karoly GM M"]
[Site "Budapest"]
[Date "2012.07.13"]
[Round "6.3"]
[White "Arngrimsson, Dagur"]
[Black "Szabolcsi, Janos"]
[Result "0-1"]
[WhiteElo "2366"]
[BlackElo "2418"]
[PlyCount "30"]
[EventDate "2012.07.07"]

1. d4 d5 2. c4 c6 3. cxd5 cxd5 4. Nf3 Nc6 5. Nc3 Nf6 6. Bf4 Bg4 7. Ne5 Qb6 8.
Nxg4 Nxg4 9. Nxd5 Qa5+ 10. Nc3 e5 11. dxe5 Qb6 12. Be3 Nxe3 13. fxe3 Qxb2 14.
Nd5 O-O-O 15. Rb1 Bb4+ 0-1

[Event "First Saturday-3rd Borloy A. Karoly GM M"]
[Site "Budapest"]
[Date "2012.07.13"]
[Round "6.4"]
[White "Farago, Ivan"]
[Black "Flumbort, Andras Dr"]
[Result "1/2-1/2"]
[WhiteElo "2489"]
[BlackElo "2503"]
[PlyCount "29"]
[EventDate "2012.07.07"]

1. d4 Nf6 2. c4 g6 3. Nc3 d5 4. Bf4 Bg7 5. e3 c5 6. dxc5 Qa5 7. Nf3 dxc4 8.
Bxc4 O-O 9. O-O Qxc5 10. Bb3 Nc6 11. Rc1 Qa5 12. h3 Bf5 13. Qe2 Ne4 14. Nxe4
Bxe4 15. Rfd1 1/2-1/2

[Event "First Saturday-3rd Borloy A. Karoly GM M"]
[Site "Budapest"]
[Date "2012.07.13"]
[Round "6.5"]
[White "Idani, Pouya"]
[Black "Rodriguez Lopez, Rafael"]
[Result "1/2-1/2"]
[WhiteElo "2473"]
[BlackElo "2244"]
[PlyCount "77"]
[EventDate "2012.07.07"]

1. e4 e5 2. Nf3 Nc6 3. Bb5 a6 4. Ba4 Nf6 5. O-O Be7 6. Bxc6 dxc6 7. d3 Nd7 8.
Nbd2 O-O 9. Nc4 f6 10. Nh4 Nc5 11. Nf5 Bxf5 12. exf5 Qd5 13. Qg4 Rfe8 14. Be3
e4 15. Bh6 Bf8 16. Ne3 Qd4 17. Rfd1 Kh8 18. c3 Qd7 19. dxe4 Bd6 20. Bf4 Rxe4
21. Bxd6 Rxg4 22. Bxc5 Qc8 23. Nxg4 Qxf5 24. Nxf6 Qxc5 25. Ne4 Qe7 26. Re1 Rd8
27. Rad1 Rxd1 28. Rxd1 h6 29. f3 Qe6 30. a3 Qb3 31. Rd2 b6 32. g4 Qf7 33. Kg2
g5 34. Rd8+ Kg7 35. Ng3 Qa2 36. Rd2 Kg6 37. Nf5 Qe6 38. Ng3 c5 39. Ne4 1/2-1/2

[Event "First Saturday-3rd Borloy A. Karoly GM M"]
[Site "Budapest"]
[Date "2012.07.14"]
[Round "7.1"]
[White "Rodriguez Lopez, Rafael"]
[Black "Ilincic, Zlatko"]
[Result "1/2-1/2"]
[WhiteElo "2244"]
[BlackElo "2441"]
[PlyCount "95"]
[EventDate "2012.07.07"]

1. e4 c5 2. Nf3 d6 3. d4 cxd4 4. Nxd4 Nf6 5. Nc3 a6 6. Bc4 e6 7. Bb3 b5 8. O-O
Bd7 9. f4 b4 10. e5 bxc3 11. exf6 Qxf6 12. f5 cxb2 13. Bxb2 e5 14. Ne6 Ra7 15.
Nxf8 Rxf8 16. Ba3 Bc6 17. Qxd6 Qxd6 18. Bxd6 Nd7 19. Bxf8 Kxf8 20. Rad1 Ke7 21.
Bd5 Ba4 22. Rd2 Rc7 23. c4 Nc5 24. f6+ gxf6 25. Rdf2 Nd7 26. Rf3 Bc2 27. R1f2
Bg6 28. Ra3 Nc5 29. Rb2 f5 30. Rb6 f4 31. g3 fxg3 32. hxg3 Bd3 33. Kf2 Bxc4 34.
Bxc4 Ne4+ 35. Kg2 Rxc4 36. Raxa6 Rc3 37. Ra7+ Kf8 38. Rb3 Rc2+ 39. Kh3 Kg7 40.
Re3 Nf2+ 41. Kh4 Kg6 42. Ra4 Nd1 43. Ra6+ f6 44. Rxe5 Rh2+ 45. Kg4 h5+ 46. Rxh5
Nf2+ 47. Kf3 Kxh5 48. Rxf6 1/2-1/2

[Event "First Saturday-3rd Borloy A. Karoly GM M"]
[Site "Budapest"]
[Date "2012.07.14"]
[Round "7.2"]
[White "Flumbort, Andras Dr"]
[Black "Idani, Pouya"]
[Result "1/2-1/2"]
[WhiteElo "2503"]
[BlackElo "2473"]
[PlyCount "54"]
[EventDate "2012.07.07"]

1. d4 Nf6 2. c4 e6 3. Nc3 Bb4 4. Qc2 O-O 5. a3 Bxc3+ 6. Qxc3 d6 7. f3 d5 8.
cxd5 Nxd5 9. Qd3 f5 10. Nh3 b6 11. Bg5 Qd6 12. e4 Ne7 13. Nf4 Nec6 14. d5 fxe4
15. Qxe4 Rf5 16. O-O-O Qc5+ 17. Kb1 Re5 18. Qc4 Rxg5 19. dxc6 Nxc6 20. b4 Qxc4
21. Bxc4 Kf7 22. Ba2 Rf5 23. g3 g5 24. Rc1 Ne7 25. Nd3 Ba6 26. Ne1 c6 27. g4
Rf4 1/2-1/2

[Event "First Saturday-3rd Borloy A. Karoly GM M"]
[Site "Budapest"]
[Date "2012.07.14"]
[Round "7.5"]
[White "Balazs, Gabor"]
[Black "Toth, Ervin"]
[Result "1/2-1/2"]
[WhiteElo "2430"]
[BlackElo "2477"]
[PlyCount "114"]
[EventDate "2012.07.07"]

1. d4 Nf6 2. c4 g6 3. Nc3 Bg7 4. e4 d6 5. Be2 O-O 6. Be3 Na6 7. Nf3 e5 8. O-O
Ng4 9. Bg5 Qe8 10. dxe5 dxe5 11. h3 f6 12. Bd2 Nh6 13. Be3 Nf7 14. c5 c6 15.
Bxa6 bxa6 16. Nd2 Be6 17. Qa4 f5 18. f3 f4 19. Bf2 g5 20. Nc4 h5 21. Rfd1 g4
22. Bh4 Nh6 23. Kf2 Qg6 24. Qxc6 Rac8 25. Qxa6 Rxc5 26. Nd5 Re8 27. Rac1 Kh8
28. Qd6 Rxd5 29. Rxd5 Nf7 30. Qc6 Rc8 31. Qa6 Bf6 32. Bxf6+ Qxf6 33. Ke2 gxf3+
34. gxf3 Qg6 35. Rf1 Nd8 36. Qd6 Nf7 37. Qa6 Kh7 38. Nd2 Rc2 39. Qd3 Rxb2 40.
Ra5 h4 41. Qc3 Rb7 42. Qc6 Rb2 43. Qc3 Rxa2 44. Rxa2 Bxa2 45. Qa3 Be6 46. Qxa7
Bxh3 47. Rf2 Bg2 48. Nf1 h3 49. Nh2 Qe6 50. Ng4 Qc4+ 51. Ke1 Qc1+ 52. Ke2 Qc4+
53. Ke1 Kg7 54. Qb6 Qc1+ 55. Ke2 Qc2+ 56. Ke1 Qc1+ 57. Ke2 Qc2+ 1/2-1/2

[Event "First Saturday-3rd Borloy A. Karoly GM M"]
[Site "Budapest"]
[Date "2012.07.15"]
[Round "8.1"]
[White "Ilincic, Zlatko"]
[Black "Toth, Ervin"]
[Result "1-0"]
[WhiteElo "2441"]
[BlackElo "2477"]
[PlyCount "103"]
[EventDate "2012.07.07"]

1. e4 e6 2. d4 d5 3. Nd2 Be7 4. c3 c5 5. dxc5 Nf6 6. exd5 exd5 7. Nb3 a5 8. a4
O-O 9. Be3 Na6 10. Bxa6 Rxa6 11. Ne2 Ng4 12. Bd4 Qc7 13. f4 Rh6 14. h3 Bh4+ 15.
Kf1 Re8 16. hxg4 Bxg4 17. Nbc1 Qe7 18. Qd3 Re6 19. Be5 g6 20. Qe3 Bf6 21. Nd3
Bg7 22. Nd4 f6 23. Nxe6 Qxe6 24. Re1 Bf5 25. Kg1 Qa6 26. Rd1 fxe5 27. fxe5 Qc4
28. Qd4 Qb3 29. Rd2 Kh8 30. Nc1 Qc4 31. Qxc4 dxc4 32. Rh4 Bxe5 33. Rxc4 Bg3 34.
Re2 Rf8 35. Rd4 h5 36. Re3 Bc7 37. Ne2 Bg4 38. b4 Bd8 39. Nf4 Bg5 40. g3 Kh7
41. Kg2 Kh6 42. Re1 Rf7 43. b5 Be7 44. c6 bxc6 45. bxc6 g5 46. Re6+ Bf6 47. c7
Bxe6 48. Nxe6 Bxd4 49. cxd4 Rxc7 50. Nxc7 Kg6 51. Kf3 Kf5 52. Nd5 1-0